Polyaniline - morphology and sensing properties

The adsorption process of dye on polyaniline films electrodeposited on niobium has been investigated using electrochemical impedance spectroscopy. ads value (- 35.802 kJ mol-1 ) and high value of Kads obtained in our measurements indicate that Amino Black 10 adye adsorption process is spontaneous wi...

Teljes leírás

Elmentve itt :
Bibliográfiai részletek
Szerzők: Plesu Nicoleta
Kellenberger Andrea
Crasmarean Cornelia
Testületi szerző: International Symposium on Analytical and Environmental Problems (24.) (2018) (Szeged)
Dokumentumtípus: Könyv része
Megjelent: 2018
Sorozat:Proceedings of the International Symposium on Analytical and Environmental Problems 24
Kulcsszavak:Elektrokémia, Adszorpció, Kémia
Online Access:http://acta.bibl.u-szeged.hu/56272
LEADER 01356naa a2200229 i 4500
001 acta56272
005 20260224081030.0
008 190103s2018 hu o 100 eng d
020 |a 978-963-306-623-2 
040 |a SZTE Egyetemi Kiadványok Repozitórium  |b hun 
041 |a eng 
100 1 |a Plesu Nicoleta 
245 1 0 |a Polyaniline - morphology and sensing properties  |h [elektronikus dokumentum] /  |c  Plesu Nicoleta 
260 |c 2018 
300 |a 31-35 
490 0 |a Proceedings of the International Symposium on Analytical and Environmental Problems  |v 24 
520 3 |a The adsorption process of dye on polyaniline films electrodeposited on niobium has been investigated using electrochemical impedance spectroscopy. ads value (- 35.802 kJ mol-1 ) and high value of Kads obtained in our measurements indicate that Amino Black 10 adye adsorption process is spontaneous with the formation of a stable adsorbed dye layer on the polyaniline surface. The adsorption takes place via a combination of physical and chemical adsorption. 
695 |a Elektrokémia, Adszorpció, Kémia 
700 0 1 |a Kellenberger Andrea  |e aut 
700 0 1 |a Crasmarean Cornelia  |e aut 
710 |a International Symposium on Analytical and Environmental Problems (24.) (2018) (Szeged) 
856 4 0 |u http://acta.bibl.u-szeged.hu/56272/1/proceedings_of_isaep_2018_031-035.pdf  |z Dokumentum-elérés